• 首页
  • 本馆介绍
  • 公告通知
  • 最新文献
  • 馆藏检索
  • 电子资源
  • 读者导购
  • 参考咨询
  • 我的图书馆
  • 登录
  • 详细信息显示
  • 放入我的书架
  • 预约/预借图书
  • 作者相关作品
  • 分类相关作品
  • 丛书相关作品
  • 出版社相关作品

书目信息

  • 表格格式
  • 工作单格式
  • 卡片格式
题名:
DNA计算模型设计与实现
    
 
作者: 杨静 著
分册:  
出版信息: 北京   科学出版社  2020
页数: 186页
开本: 24cm
丛书名:
单 册:
中图分类: Q523-39 , Q523
科图分类:
主题词: 脱氧核糖核酸--计算模型
电子资源:
ISBN: 978-7-03-066474-7
000 00890nam0 2200229 450
001 2236127566
005 20220929100223.42
010    @a978-7-03-066474-7@dCNY119.00
100    @a20201214d2020 em y0chiy50 ea
101 0  @achi
102    @aCN@b110000
105    @aa z 000yy
200 1  @aDNA计算模型设计与实现@9DNA ji suan mo xing she ji yu shi xian@f杨静著
210    @a北京@c科学出版社@d2020
215    @a186页@c图@d24cm
330    @a本书围绕DNA计算领域的前沿热点问题,结合新型DNA计算模型,提出了相应的解决方案:构建了大规模图顶点着色计算模型、基于环形DNA分子的最大团问题计算模型,并予以实验验证。同时,利用多种纳米技术,如链置换及自组装技术,并结合金颗粒、DNA核酶等纳米材料,构建了多种DNA分子逻辑电路。
606 0  @a脱氧核糖核酸@x计算模型
690    @aQ523-39@v5
690    @aQ523@v4
701  0 @a杨静@9yang jing@4著
801  0 @aCN@b91MARC@c20210508
905    @aZUCC@dQ523@e3
    
    DNA计算模型设计与实现/杨静著.-北京:科学出版社,2020
    186页:图;24cm
    
    
    ISBN 978-7-03-066474-7:CNY119.00
    本书围绕DNA计算领域的前沿热点问题,结合新型DNA计算模型,提出了相应的解决方案:构建了大规模图顶点着色计算模型、基于环形DNA分子的最大团问题计算模型,并予以实验验证。同时,利用多种纳米技术,如链置换及自组装技术,并结合金颗粒、DNA核酶等纳米材料,构建了多种DNA分子逻辑电路。
●
相关链接 在五车中查询图书 在当当中查询图书 在豆瓣中查询图书


正题名:DNA计算模型设计与实现     索取号:Q523/3         预约/预借

序号 登录号 条形码 馆藏地/架位号 状态 备注
1 2000905957   2000905957   第三书库/ [索取号:Q523/3] 在馆    
2 2000905958   2000905958   第三书库/ [索取号:Q523/3] 在馆    
3 2000905959   2000905959   第三书库/ [索取号:Q523/3] 在馆    
山东省滨州职业学院图书馆 欢迎您!
大连网信软件有限公司© 版权所有